| 000 | 01079nam a22003257a 4500 | ||
|---|---|---|---|
| 003 | CHAP | ||
| 005 | 20220329134512.0 | ||
| 008 | 971013s1981 us a r 00010 eng d | ||
| 010 | _a21270 | ||
| 011 | _a22242 | ||
| 035 | _a26336 | ||
| 040 | _cCHAP | ||
| 090 | _aFolleto 8417 | ||
| 100 | 0 | 0 |
_aDowell. Robert V. _934116 |
| 245 | 1 | _aBiology, plant-insect relacions and control of the citrus blackfly, Aleutocanthus woglumi Ashby (Homoptera: Alsyrodidae) | |
| 260 |
_aGainesville : _bUniversity of Florida, Agricultural Experiment Stations, _c1981 |
||
| 300 |
_a48 p. _b: ilus. |
||
| 490 |
_aBulletin _v; 818 |
||
| 590 |
_aBATCH-UPD _b10 _c20130110 _lUCH01 _h1843 |
||
| 590 |
_aBATCH-UPD _b10 _c20130410 _lUCH01 _h1213 |
||
| 590 |
_aBATCH-UPD _b10 _c20130914 _lUCH01 _h0012 |
||
| 590 |
_aCONVERSION _b10 _c20130109 _lUCH01 _h1313 |
||
| 650 | 1 | 4 |
_aAleurocanthus woglumi. _93802 |
| 650 | 1 | 4 |
_aControl de plagas. _927595 |
| 650 | 1 | 4 |
_aInsectos _xBiologĂa. _958897 |
| 830 | 0 |
_aBulletin _v; 818 _916039 |
|
| 901 | _aBK | ||
| 942 | _cFOLL | ||
| 949 |
_bBC _cFOLL _d-60784 _eTS1 _i26336 _mD _si |
||
| 999 |
_c21270 _d21270 |
||